[Event "Challenge 04"]
[Site "http://www.queenalice.com/game.php?id=296983"]
[Date "2007.11.2"]
[Round "-"]
[White "leandrojs1982"]
[Black "iamsuperman"]
[Result "1-0"]
[WhiteElo "1382"]
[BlackElo "1177"]

1. Nc3 d5 2. e4 d4 3. Na4 e6 4. Nf3 Qd7 5. c3 e5 6. Nxe5 Qe7 7. f4 b6 8. Bc4 f6
9. cxd4 fxe5 10. dxe5 Qd7 11. e6 Qd4 12. Rf1 Qxc4 13. d3 Qxe6 14. f5 Qd6 15. Bf4
Qb4+ 16. Bd2 Qb5 17. b3 Qxd3 18. Nb2 Qd4 19. Rb1 Qxe4+ 20. Qe2 Bb7 21. Qxe4+
Bxe4 22. Rc1 Bxg2 23. Rf2 Bc6 24. Re2+ Kd8 25. Rc3 Kc8 26. Nc4 b5 27. Na5 Bd5
28. Bf4 h6 29. Rce3 Bc5 30. Re8+ Kd7 31. R8e5 c6 32. Bd2 h5 33. b4 Bb6 34. Nb7
Na6 35. Bg5 Nh6 36. Re7+ Kc8 37. Nd6+ Kd8 38. Rb7# 1-0

[Event "AUTO-OPEN-894"]
[Site "http://www.queenalice.com/game.php?id=300425"]
[Date "2007.11.8"]
[Round "1"]
[White "iamsuperman"]
[Black "deco1232007"]
[Result "0-1"]
[WhiteElo "1188"]
[BlackElo "1616"]

1. d4 Nf6 2. e3 g6 3. c3 Bg7 4. Be2 O-O 5. Nf3 b6 6. Nfd2 Bb7 7. O-O c5 8. Nf3
d6 9. Nh4 e6 10. Bf3 d5 11. Qa4 Nc6 12. Be2 Ne4 13. f3 Nd6 14. dxc5 bxc5 15. f4
Qb6 16. b4 cxb4 17. g4 Rfc8 18. Bd2 Ne4 19. Nf3 bxc3 20. Nxc3 Nxd2 21. Nxd2
Qxe3+ 22. Rf2 Qxc3 23. Rd1 Nd4 24. f5 Nxe2+ 25. Rxe2 Bd4+ 26. Kf1 e5 27. Ree1
Qh3+ 28. Ke2 Qg2+ 29. Kd3 Rc3# 0-1

[Event "AUTO-OPEN-894"]
[Site "http://www.queenalice.com/game.php?id=300426"]
[Date "2007.11.8"]
[Round "1"]
[White "deco1232007"]
[Black "iamsuperman"]
[Result "1-0"]
[WhiteElo "1620"]
[BlackElo "1250"]

1. d4 d5 2. Nc3 e6 3. Nf3 c6 4. e4 dxe4 5. Nxe4 Be7 6. Bd3 Nf6 7. O-O O-O 8. Re1
Qb6 9. Nc3 Nbd7 10. Ne5 Qxd4 11. Bxh7+ Kxh7 12. Qxd4 b6 13. Ne4 c5 14. Nxf6+
Bxf6 15. Qd3+ Kg8 16. Nxd7 Ba6 17. Qh3 Rfd8 18. Nxf6+ gxf6 19. Qg4+ Kf8 20. h3
Rd4 21. Bh6+ Ke7 22. Qxd4 cxd4 23. Rad1 Rd8 24. Bc1 d3 25. cxd3 e5 26. d4 Kf8
27. d5 Bc4 28. b3 Bxd5 29. Re3 Ke7 30. f4 Ke6 31. Red3 a6 32. f5+ Kxf5 33. Rxd5
Re8 34. Rd6 Kg6 35. Rf1 b5 36. Rfxf6+ Kg7 37. Bh6+ Kh7 38. Rxf7+ Kg8 39. Ra7 a5
40. Be3 Rc8 41. Kh2 Kf8 42. Rh6 Kg8 43. Bg5 Re8 44. Bf6 e4 45. Rh8# 1-0

[Event "AUTO-OPEN-1001"]
[Site "http://www.queenalice.com/game.php?id=348384"]
[Date "2008.2.4"]
[Round "1"]
[White "Camaraujo"]
[Black "iamsuperman"]
[Result "1-0"]
[WhiteElo "2283"]
[BlackElo "1250"]

1. d4 e6 2. c4 b6 3. e4 Be7 4. Nc3 c6 5. Be2 Nf6 6. e5 Ng8 7. Nf3 Bb4 8. O-O Nh6
9. Bxh6 gxh6 10. Ne4 f5 11. Nf6+ Kf8 12. Qc1 Kg7 13. c5 d5 14. cxd6 a5 15. Nh5+
Kg6 16. a3 Kxh5 17. Nh4+ Kxh4 18. Qxh6# 1-0

[Event "AUTO-OPEN-1001"]
[Site "http://www.queenalice.com/game.php?id=348385"]
[Date "2008.2.4"]
[Round "1"]
[White "iamsuperman"]
[Black "Camaraujo"]
[Result "0-1"]
[WhiteElo "1188"]
[BlackElo "2340"]

1. e4 e5 2. c3 Nf6 3. f3 d5 4. d4 exd4 5. cxd4 dxe4 6. fxe4 Nxe4 7. Qe2 Qxd4 8.
Be3 Bb4+ 9. Nd2 Qxb2 10. Rb1 Bxd2+ 11. Kd1 Qxb1# 0-1